000 01028nam a2200301 i 4500
003 DO-SdBNP
005 20250612092715.0
007 ta
008 250606s2009 dr 000 f spa d
020 _a97899945476
040 _aDO-SdBNP
_bspa
_cBNPHU
_erda
041 _aspa
082 4 _aRD863.44
_bP426tr 2009
_222
100 1 _aPeralta Romero, Rafael,
_d1948-
_eautor
_4aut.
_979774
245 1 4 _aLos tres entierros de Dino Bidal /
_cRafael Peralta Romero.
250 _aQuinta edición
264 _aSanto Domingo, República Dominicana :
_bEditorial Santuario,
_c2009.
300 _a129 páginas ;
_c21 cm.
336 _atexto
_btxt
_2rdacontent
337 _asin mediación
_bn
_2rdamedia
338 _avolumen
_bnc
_2rdacarrier
500 _aIncluye datos biográficos del autor en la solapa de la cubierta
590 _aInventariado, 2025/ YL
650 7 _aNovela dominicana
_9223
_2LEMB
650 7 _aLiteratura dominicana.
_967
_2LEMB
910 _aYLockward/ Validado. Control de calidad MFF
942 _2ddc
_cLBS1
999 _c59153
_d59153